Road to Vegetarianism Giant Word Ladder Quiz Stats

 Plays Quiz Updated Aug 27, 2012

Challenge
Share
Tweet
Embed
Score 0/38 Timer 03:00
0 Plays Today
Clue 4-Letter Word % Correct
↪ What carnivores eat ↩MEAT
99.5%
Breakfast or dinner, e.g.MEAL
96.5%
↪ Carnivorous dish from calves ↩VEAL
93.6%
↪ Carnivorous dish from pigs ↩PORK
91%
Eating utensil with tinesFORK
90.6%
A paved path for carsROAD
90.5%
↪ Carnivorous dish from cattle ↩BEEF
89.7%
'Chicken Chow ___'MEIN
89.3%
A large collection of coralREEF
89.1%
Peruse a bookREAD
88.7%
Light cloth used to cover the faceVEIL
88.6%
Actor HarrisonFORD
88.6%
Drink of fermented malt and hopsBEER
88.5%
Building material from treesWOOD
87.8%
A carrier of deoxygenated bloodVEIN
86.7%
An oboe has a double oneREED
86.6%
A clenched hand for punchingFIST
86.3%
QuickFAST
85.6%
A genie can grant three of thisWISH
85.5%
Clue 4-Letter Word % Correct
↪ What a pescetarian eats ↩FISH
84.2%
This ladder has 38 of this itemWORD
80%
Ursine animalBEAR
79.5%
Fortified red winePORT
79.2%
Put on clothingWEAR
78.1%
Briefly shut one's eye to teaseWINK
76.6%
A crucifixROOD
76.6%
AgoPAST
75.9%
This vertical portion holds up a fencePOST
75.5%
A brand of laundry detergentWISK
70.7%
The foot of a horseHOOF
70%
Israeli leader GoldaMEIR
65%
'Dead Poets Society' director PeterWEIR
60.7%
Toot your hornHONK
57.8%
One is used to catch food for a pescetarianHOOK
57.1%
Star of 'Knight Rider' and 'Baywatch,' for shortHOFF
55.1%
↪ Soy-based protein source for non-carnivores ↩TOFU
53.4%
A person very knowlegeable about politicsWONK
51.9%
Fop or pretentious upperclass person, to a BritTOFF
42%

You're not logged in!

Compare scores with friends on all Sporcle quizzes.
Join for Free
OR
Log In

You Might Also Like...

Show Comments

Extras

Top Quizzes Today


Score Distribution

Your Account Isn't Verified!

In order to create a playlist on Sporcle, you need to verify the email address you used during registration. Go to your Sporcle Settings to finish the process.

Report this User

Report this user for behavior that violates our Community Guidelines.

Details: